000 00632nam a22001817a 4500
005 20251108164316.0
008 250721s1995 xx 000 0 ara d
082 1 4 _aإ355.3432/يوس
100 1 _aأبو ليل، يوسف
245 1 0 _aال سي آي ايه CIA :
_bسادة السحر الأسود- السيطرة على العقل و السلوك البشريين /
250 _aط2.
264 1 _aعمان :
_bدار النسر للنشر والتوزيع،
_c1995.
300 _a166ص
650 1 7 _aوكالة الإستخبارات المركزية
650 1 7 _aالجواسيس
942 _2ddc
_cBK
999 _c8956
_d8956